000 00686nam a2200253 a 4500
001 adlib96000001
003 ViArRB
005 200902210153555.7
008 960221s1955 dcuabcdjdbkoqu001 0deng d
020 _a
022 _a
040 _aAdlib
082 _a614.88=M
245 _aAgantukaroga samanopayangal
250 _a
260 _aErnakulam
_bBhasha Parikshana Committee
_c1952
300 _a74p.
_c
500 _a
100 _aAipattu, K I
_e
700 _a
_a
942 _cBK
653 _aDiseases
_adiseases cure
_acure diseases
_aAccidents cure
952 _w2010-06-16
_pH0001716
_r2010-06-16
_40
_00
_bUL
_10
_o614.88=M AIP
_d2010-06-16
_70
_yBK
_aUL
999 _c17806
_d17805